000 00295nam a2200121 a 4500
008 100920s1988|||| d
100 1 _aEtcherelliová, Claire
245 1 0 _aEliza alebo ozajstný život
260 _bPravda
_aBratislava
_c1988
020 _c30
044 _axo
_cSK
041 _aslo
999 _c10526
_d10526